000 02338cam a2200385 i 4500
003 SA-RiAUC
005 20241009131526.0
008 241008s2011____ku g b f000 0 ara c
020 _a9789996642586
024 0 _a00000000971749
040 _aKW-KcMOE
_bara
_cSA-RiAUC
_dKW-KwMAI
_erda
050 4 _b.I47 2011
082 0 4 _a251.4
_qSA-RiAUC
090 _a251.4
_b ع م ر
100 1 _aعمران، حمدي بخيت
_eمؤلف.
245 1 0 _aأثر اللغة في الاستنباطات الشرعية /
_cد. حمدي بخيت عمران.
264 1 _aالصفاة، الكويت :
_bوزارة الأوقاف والشؤون الإسلامية، قطاع الشؤون الثقافية، إدارة الثقافة الإسلامية،
_c2011.
300 _a181 صفحة ؛
_c21 × 14 سم.
336 _aنص
_btxt
_2rdacontent
_3كتاب
337 _aبدون وسيط
_bn
_2rdamedia
338 _aمجلد
_bnc
_2rdacarrier
490 1 _aروافد.
_aمراجعات ؛
_v39
500 _aالإخراج الفني : محمود محمد أبو الفضل.
504 _aيشتمل على إرجاعات ببليوجرافية.
506 0 _aيهدى ولا يباع.
520 _aيتناول كتاب (أثر اللغة في الاستنباطات الشرعية) والذي قام بتأليفه د. حمدي بخيت عمران، موضوع (أثر اللغة) الكتاب يقدم مؤلفه دراسة تطبيقية قيمة تبرز أثر المفردات والتراكيب، في توجيه المعنى المراد من الآيات القرآنية والأحاديث الشريفة. وهي دراسة على إيجازها تقدم جهدا ييسر عملية إدراك دور التعامل اللغوي السليم، في الوصول إلى استنباط الحكم الشرعي المناسب، والترجيح بين الاختيارات الفقهية.
520 0 _aأصول الفقه.
650 7 _aالاستنباط (أصول فقه)
_2aucsh
650 7 _aالإسلام واللغة العربية
_2aucsh
830 0 _aروافد.
_pمراجعات
_v39
856 4 _uBOOKS/81
942 _2ddc
_cBOOK
_n0
949 _aSA-JeALM
_d241008
_umohamedma123
_n1
999 _c1072
_d1072